[Event "BAN-ch U20"]
[Site "Dhaka"]
[Date "2018.05.12"]
[Round "8"]
[White "Shafiqul, Islam3333"]
[Black "Md, Rishan"]
[Result "0-1"]
[WhiteElo "1445"]
[BlackElo "1715"]
[PlyCount "56"]
[EventDate "2018.05.05"]
[EventType "swiss"]
[EventRounds "8"]
[EventCountry "BAN"]
[SourceTitle "CBM 184 Extra"]
[Source "ChessBase"]
[SourceDate "2018.06.28"]
[SourceVersion "1"]
[SourceVersionDate "2018.06.28"]
[SourceQuality "1"]

1. d4 d5 2. Nf3 Nf6 3. c4 e6 4. Nc3 Nc6 5. Bg5 Be7 6. e3 dxc4 7. Bxc4 Nd5 8. Bxe7 Ncxe7 9. 0-0 0-0 10. Rc1 b6 11. Bd3 Bb7 12. e4 Nb4 13. Bb1 Rc8 14. a3 Na6 15. Nb5 c6 16. Nc3 c5 17. d5 exd5 18. exd5 Nxd5 19. Qc2 Nf6 20. Rcd1 Qc7 21. Ng5 g6 22. Ba2 Qe5 23. f4 Qe3+ 24. Kh1 Rcd8 25. Nxf7 Rxd1 26. Qxd1 Rxf7 27. Re1 Qf2 28. Re2 Bxg2# 0-1

[Event "BAN-ch U20"]
[Site "Dhaka"]
[Date "2018.05.10"]
[Round "6"]
[White "Mahfuzur, Rahman Saif"]
[Black "Md, Rishan"]
[Result "0-1"]
[WhiteElo "1312"]
[BlackElo "1715"]
[PlyCount "60"]
[EventDate "2018.05.05"]
[EventType "swiss"]
[EventRounds "8"]
[EventCountry "BAN"]
[SourceTitle "CBM 184 Extra"]
[Source "ChessBase"]
[SourceDate "2018.06.28"]
[SourceVersion "1"]
[SourceVersionDate "2018.06.28"]
[SourceQuality "1"]

1. d4 d5 2. c4 e6 3. Nc3 Nf6 4. Nf3 c5 5. e3 Nc6 6. Be2 Bd6 7. Qc2 cxd4 8. Nxd4 Be5 9. Nf3 0-0 10. 0-0 dxc4 11. Nxe5 Nxe5 12. f4 Nd3 13. Rd1 b6 14. Bxd3 cxd3 15. Rxd3 Qc7 16. Qd2 Bb7 17. b3 e5 18. Ba3 Rfe8 19. Rd1 exf4 20. Bd6 Qc6 21. Bxf4 Rac8 22. a4 h6 23. Nb5 Ne4 24. Qe2 Ba6 25. Qb2 Bxb5 26. axb5 Qxb5 27. Rd7 a5 28. Rb7 Red8 29. Rxd8+ Rxd8 30. Bc7 Rd1# 0-1

[Event "BAN-ch U16"]
[Site "Dhaka"]
[Date "2018.05.01"]
[Round "4"]
[White "Md, Rishan"]
[Black "Mahfuzur, Rahman Saif"]
[Result "1-0"]
[WhiteElo "1715"]
[BlackElo "1312"]
[PlyCount "23"]
[EventDate "2018.04.28"]
[EventType "swiss"]
[EventRounds "7"]
[EventCountry "BAN"]
[SourceTitle "EXT 2019"]
[Source "ChessBase"]
[SourceDate "2018.10.10"]
[SourceVersion "1"]
[SourceVersionDate "2018.10.10"]
[SourceQuality "1"]

1. e4 e6 2. d4 d5 3. Nc3 Nf6 4. Bg5 Be7 5. e5 Nfd7 6. Bxe7 Qxe7 7. Nf3 c5 8. Nb5 Qd8 9. Nd6+ Ke7 10. Ng5 Qa5+ 11. c3 h6 12. Ngxf7 1-0